[Event "IRI-ch U16"]
[Site "Chess.com INT"]
[Date "2021.01.16"]
[Round "1"]
[White "Salehi, Mahdi"]
[Black "Rasouli, Amir Mehdi"]
[Result "0-1"]
[WhiteElo "1536"]
[BlackElo "1411"]
[PlyCount "136"]
[EventDate "2021.01.16"]
[EventType "swiss"]
[EventRounds "11"]
[EventCountry "IRI"]
[SourceTitle "EXT 2022"]
[Source "ChessBase"]
[SourceDate "2021.10.06"]
[SourceVersion "1"]
[SourceVersionDate "2021.10.06"]
[SourceQuality "1"]

1. g3 d5 2. Bg2 c6 3. Nf3 Nf6 4. 0-0 e6 5. d3 Be7 6. Nc3 0-0 7. Nd2 e5 8. e4 d4 9. Ne2 Bg4 10. h3 Bxe2 11. Qxe2 Nfd7 12. f4 f6 13. Nf3 c5 14. f5 b5 15. g4 Qc7 16. g5 c4 17. gxf6 Nxf6 18. Ng5 Qb6 19. Kh1 Rc8 20. Bf3 cxd3 21. cxd3 Nbd7 22. Rg1 Nf8 23. Bh5 Nxh5 24. Qxh5 Bxg5 25. Qxg5 Rc7 26. f6 Ng6 27. fxg7 Rxg7 28. Qg4 Kh8 29. Bh6 Rf7 30. Raf1 Qc7 31. Qe6 Rxf1 32. Rxf1 Qe7 33. Qxe7 Nxe7 34. Rf7 Nc6 35. Rc7 Nb4 36. Bg7+ Kg8 37. Bxe5 Nxd3 38. Bxd4 Rd8 39. Bf6 Rd6 40. e5 Ra6 41. Rg7+ Kf8 42. Rxh7 Nf4 43. Rb7 Rxa2 44. Rxb5 Ra1+ 45. Kh2 Kf7 46. Rb7+ Ke6 47. Re7+ Kf5 48. Rc7 Ra2 49. Rc2 a5 50. Rf2 Ke4 51. Kg3 Ne6 52. Re2+ Kd5 53. h4 a4 54. Kf2 Nf4 55. Rd2+ Ke4 56. Rc2 a3 57. Rc4+ Kf5 58. Rc2 Rxb2 59. Rxb2 axb2 60. e6 b1Q 61. e7 Qb6+ 62. Kg3 Qg1+ 63. Kf3 Qf1+ 64. Ke3 Qd3+ 65. Kf2 Qe4 66. h5 Kg4 67. h6 Qf3+ 68. Ke1 Qe2# 0-1

[Event "IRI-ch U16"]
[Site "Chess.com INT"]
[Date "2021.01.16"]
[Round "5"]
[White "Salehi, Mahdi"]
[Black "Valizadeh, Ashkan"]
[Result "0-1"]
[WhiteElo "1536"]
[BlackElo "1107"]
[PlyCount "116"]
[EventDate "2021.01.16"]
[EventType "swiss"]
[EventRounds "11"]
[EventCountry "IRI"]
[SourceTitle "EXT 2022"]
[Source "ChessBase"]
[SourceDate "2021.10.06"]
[SourceVersion "1"]
[SourceVersionDate "2021.10.06"]
[SourceQuality "1"]

1. g3 d5 2. Bg2 c5 3. Nf3 Nc6 4. 0-0 e5 5. d3 f5 6. Nbd2 Nf6 7. c4 d4 8. Ne1 Bd6 9. e3 Bd7 10. exd4 exd4 11. Nef3 0-0 12. Re1 Re8 13. Ng5 h6 14. Nh3 Qc7 15. Nf3 Rxe1+ 16. Nxe1 Ne5 17. Bf4 Nf7 18. Qd2 g5 19. Bxd6 Nxd6 20. Nc2 Re8 21. Re1 Bc6 22. Rxe8+ Ndxe8 23. Qe2 Bxg2 24. Kxg2 Qc6+ 25. Kg1 Kf7 26. b4 b6 27. bxc5 bxc5 28. f3 Qe6 29. Kf2 Qxe2+ 30. Kxe2 Ng7 31. f4 Kg6 32. Na3 a6 33. Nb1 Ng4 34. Nd2 Nxh2 35. Nb3 Ne6 36. fxg5 hxg5 37. Nf2 Kf6 38. Na1 Ke5 39. Nb3 g4 40. Nd2 Ng5 41. Nb3 Kd6 42. a4 Ne6 43. Nd2 Ng5 44. Nb3 Nhf3 45. Nd2 Nxd2 46. Kxd2 Nh3 47. Nd1 f4 48. Ke2 fxg3 49. Kf1 Nf4 50. Kg1 Ke5 51. Nb2 a5 52. Kf1 Ng6 53. Nd1 Kf4 54. Kg2 Nh4+ 55. Kg1 Kf3 56. Kf1 g2+ 57. Kg1 Kg3 58. Nf2 Nf3# 0-1